[Event "Irena Warakomska Memorial B"]
[Site "Suwalki"]
[Date "2020.08.06"]
[Round "1"]
[White "Szczepanska, Jagoda"]
[Black "Towarnicka, Izabela"]
[Result "1/2-1/2"]
[Board "33"]
[WhiteElo "1015"]
[WhiteCountry "POL"]
[WhiteFideId "21030154"]
[WhiteEloChange "8"]
[BlackElo "1397"]
[BlackCountry "POL"]
[BlackFideId "21033170"]
[BlackEloChange "-8"]

1. e4 {[%clk 1:30:30]} e5 {[%clk 1:30:30]} 2. Nf3 {[%clk 1:30:30]} Nc6 {[%clk
1:30:30]} 3. Bb5 {[%clk 1:30:30]} Nge7 {[%clk 1:30:30]} 4. Nc3 {[%clk 1:30:30]}
d6 {[%clk 1:30:30]} 5. d3 {[%clk 1:30:30]} a6 {[%clk 1:30:30]} 6. Bc4 {[%clk
1:30:30]} h6 {[%clk 1:30:30]} 7. a3 {[%clk 1:30:30]} Bg4 {[%clk 1:30:30]} 8. h3
{[%clk 1:30:30]} Bh5 {[%clk 1:30:30]} 9. Be3 {[%clk 1:30:30]} b5 {[%clk 1:30:30]}
10. Bb3 {[%clk 1:30:30]} Nd4 {[%clk 1:30:30]} 11. g4 {[%clk 1:30:30]} Nxb3 {[%clk
1:30:30]} 12. cxb3 {[%clk 1:30:30]} Bg6 {[%clk 1:30:30]} 13. Qe2 {[%clk 1:30:30]}
Nc8 {[%clk 1:30:30]} 14. Rc1 {[%clk 1:30:30]} Be7 {[%clk 1:30:30]} 15. Nd5 {[%clk
1:30:30]} c5 {[%clk 1:30:30]} 16. b4 {[%clk 1:30:30]} O-O {[%clk 1:30:30]} 17.
Nxe7+ {[%clk 1:30:30]} Nxe7 {[%clk 1:30:30]} 18. bxc5 {[%clk 1:30:30]} Rc8 {[%clk
1:30:30]} 19. cxd6 {[%clk 1:30:30]} Rxc1+ {[%clk 1:30:30]} 20. Bxc1 {[%clk
1:30:30]} Qxd6 {[%clk 1:30:30]} 21. Bd2 {[%clk 1:30:30]} Nc6 {[%clk 1:30:30]} 22.
O-O {[%clk 1:30:30]} Rd8 {[%clk 1:30:30]} 23. Ne1 {[%clk 1:30:30]} Nd4 {[%clk
1:30:30]} 24. Qe3 {[%clk 1:30:30]} Ne6 {[%clk 1:30:30]} 25. Bb4 {[%clk 1:30:30]}
Qd7 {[%clk 1:30:30]} 26. Kg2 {[%clk 1:30:30]} Nf4+ {[%clk 1:30:30]} 27. Kh2
{[%clk 1:30:30]} Nxd3 {[%clk 1:30:30]} 28. Bc3 {[%clk 1:30:30]} Nxe1 {[%clk
1:30:30]} 29. Rxe1 {[%clk 1:30:30]} f6 {[%clk 1:30:30]} 30. Re2 {[%clk 1:30:30]}
Qb7 {[%clk 1:30:30]} 31. Kg3 {[%clk 1:30:30]} Bf7 {[%clk 1:30:30]} 32. f3 {[%clk
1:30:30]} Bc4 {[%clk 1:30:30]} 33. Rc2 {[%clk 1:30:30]} Rd3 {[%clk 1:30:30]} 34.
Qe1 {[%clk 1:30:30]} Qd7 {[%clk 1:30:30]} 35. Rd2 {[%clk 1:30:30]} Kf7 {[%clk
1:30:30]} 36. Kf2 {[%clk 1:30:30]} Qa7+ {[%clk 1:30:30]} 37. Kg3 {[%clk 1:30:30]}
h5 {[%clk 1:30:30]} 38. Qa1 {[%clk 1:30:30]} hxg4 {[%clk 1:30:30]} 1/2-1/2